00657nam a2200181 a 450000100100000000500170001000800410002704000250006808200150009310000310010824500660013926000480020530000280025350400550028104900090033695201130034599900170045800001708320200929165021.0100317s1985 dr a 000 0 spa d aDO-SdBNPbspacBNPHU axxxbR789d1 aRosario, Fe María91895810aDescripción del niño de 0-6 años /cMaría Fe Rosario. aSantiago de los CaballerosfNacionalc1985. a136 p. :bil. ;c22 cm. aIncluye referencias bibliográficas ( p. 135-136) aBNPD 0010718PDaPDbPDcCTd2010-03-17iLF1l0oxxx R789dp17083-10r2020-06-25w2020-06-25yLFPDZNo se presta c16609d16609